| 000 | 00704nam a2200229 a 4500 | ||
|---|---|---|---|
| 001 | 000044616 | ||
| 003 | DO-SdBNP | ||
| 005 | 20230209141643.0 | ||
| 007 | ta | ||
| 008 | 141209s2014 dr a 000 p spa d | ||
| 020 | _a9789945583809 | ||
| 040 |
_aDO-SdBNP _bspa _cBNPHU |
||
| 082 | 4 | _222 | |
| 100 | 1 |
_aBenito Ángel Nieves, _d1966- _972636 |
|
| 245 | 1 | 0 |
_aVertientes : _bpoesía / _cBenito Ángel Nieves ; prólogo Robert Berroa. |
| 260 |
_aSanto Domingo : _bSantuario, _c2014. |
||
| 300 |
_a122 p. : _bilustraciones ; _c23 cm. |
||
| 500 | _aIncluye datos biográficos del autor en las soplapas | ||
| 590 | _aInventariado, 2023/BT | ||
| 700 | 1 |
_aBerroa, Robert, _eprólogo _910541 |
|
| 942 |
_2ddc _cLBS1 |
||
| 999 |
_c44105 _d44105 |
||